000 00413nab a2200145Ia 4500
003 ES-SlBCS
005 20210601124259.0
008 140529s1955 xxu||||| |||| 00| 0 eng d
041 _aeng
100 1 _aNewman, Andrew
_9138998
245 0 0 _aWhen Time and Eternity Met
_c Andrew Newman
650 0 4 _aTiempo-Eternidad
_9139013
773 0 _tDominicana
_gvol. 40, nº. 4, 1955, págs. 349-355
_wRev1398
942 _cAR
999 _c512227
_d512227